[Event "AUT-chT 9697"]
[Site "Vorarlberg"]
[Date "1997.??.??"]
[Round "?"]
[White "Lampert, Raimund"]
[Black "Mrsic, Robert"]
[Result "0-1"]
[WhiteElo "1775"]
[BlackElo "1920"]
[PlyCount "82"]
[EventDate "1996.??.??"]
[EventType "team"]
[EventRounds "9"]
[EventCountry "AUT"]
[SourceTitle "EXT 1999"]
[Source "ChessBase"]
[SourceDate "1998.11.16"]
[SourceVersion "1"]
[SourceVersionDate "1998.11.16"]
[SourceQuality "1"]

1. e4 d6 2. d4 Nf6 3. Bd3 g6 4. h3 Bg7 5. c3 0-0 6. f4 e5 7. fxe5 Nxe4 8. Bxe4 Qh4+ 9. Kf1 Qxe4 10. Qf3 Qc2 11. Na3 Qa4 12. exd6 cxd6 13. Bf4 Re8 14. Ne2 Bf5 15. Ng3 Be6 16. Kg1 Nd7 17. Kh2 Nf6 18. Bxd6 Bd5 19. Qf2 h5 20. Rhe1 h4 21. Nf1 Ne4 22. Qf4 g5 23. Qf5 Qc6 24. Be5 Rxe5 25. dxe5 Re8 26. Rxe4 Bxe4 27. Qxg5 Rxe5 28. Qd2 Rd5 29. Qf2 Rg5 30. Ne3 Qc5 31. Rf1 Qc7+ 32. Kg1 Qc5 33. Qxf7+ Kh7 34. Qf2 Rg3 35. Nac2 Qg5 36. Qf4 Rxg2+ 37. Kh1 Rg4+ 38. Kh2 Rxf4 39. Rxf4 Qxf4+ 40. Kg1 Qg3+ 41. Kf1 Bd3# 0-1

[Event "AUT-chT 9596"]
[Site "Vorarlberg"]
[Date "1996.??.??"]
[Round "4"]
[White "Dorner, Guenther"]
[Black "Lampert, Raimund"]
[Result "1-0"]
[WhiteElo "1995"]
[BlackElo "1805"]
[PlyCount "107"]
[EventDate "1995.??.??"]
[EventType "team"]
[EventRounds "9"]
[EventCountry "AUT"]
[SourceTitle "EXT 1999"]
[Source "ChessBase"]
[SourceDate "1998.11.16"]
[SourceVersion "1"]
[SourceVersionDate "1998.11.16"]
[SourceQuality "1"]

1. e4 e5 2. Nf3 Nc6 3. Bb5 a6 4. Ba4 Be7 5. 0-0 b5 6. Bb3 Nf6 7. Re1 0-0 8. c3 d5 9. exd5 Nxd5 10. Nxe5 Nxe5 11. Rxe5 Nf6 12. d4 Bd6 13. Re1 Ng4 14. g3 Nxh2 15. Kxh2 Qh4+ 16. Kg1 Bxg3 17. Qf3 Qh2+ 18. Kf1 Bh3+ 19. Ke2 Rae8+ 20. Kd1 Rxe1+ 21. Kxe1 Qg1+ 22. Kd2 Qxf2+ 23. Qxf2 Bxf2 24. Ke2 Bh4 25. Be3 h5 26. Nd2 Re8 27. Nf1 Bf5 28. Kd2 Bf6 29. Ng3 g6 30. Rg1 Bg4 31. Bd5 Kg7 32. Bc6 Rh8 33. Ne4 Be7 34. Bf4 Bf5 35. Ng3 Bc8 36. Bxc7 h4 37. Nf1 Bh3 38. Be4 f5 39. Bd3 Bf6 40. Ne3 Kf7 41. Bf4 Rg8 42. Bc2 Rg7 43. Bb3+ Ke8 44. Nd5 Bd8 45. Be5 Kf8 46. Bxg7+ Kxg7 47. Nf4 Bg4 48. Ne6+ Kf6 49. Nxd8 Bf3 50. Ke3 Be4 51. Kf4 h3 52. Kg3 Bg2 53. Rxg2 hxg2 54. Kxg2 1-0

[Event "AUT-chT 9697"]
[Site "Vorarlberg"]
[Date "1996.??.??"]
[Round "?"]
[White "Lampert, Raimund"]
[Black "Jehle, Bernhard"]
[Result "0-1"]
[WhiteElo "1775"]
[BlackElo "1930"]
[PlyCount "68"]
[EventDate "1996.??.??"]
[EventType "team"]
[EventRounds "9"]
[EventCountry "AUT"]
[SourceTitle "EXT 1999"]
[Source "ChessBase"]
[SourceDate "1998.11.16"]
[SourceVersion "1"]
[SourceVersionDate "1998.11.16"]
[SourceQuality "1"]

1. e4 c5 2. Bc4 e6 3. Nf3 Nc6 4. 0-0 a6 5. a3 Qc7 6. d3 Nf6 7. Nc3 Be7 8. Bd2 b5 9. Ba2 0-0 10. Rc1 h6 11. Ne2 d5 12. exd5 exd5 13. h3 Bd6 14. c3 Bf5 15. Bb1 Qb7 16. Be3 Qd7 17. Nf4 g5 18. Nxg5 hxg5 19. Nh5 Nxh5 20. Qxh5 f6 21. Qf3 Kg7 22. d4 Bxb1 23. Rxb1 cxd4 24. cxd4 Rac8 25. Rbc1 Ne7 26. g4 Ng6 27. Kh1 Rxc1 28. Rxc1 Bf4 29. Rc5 Rd8 30. b4 Nh4 31. Qe2 Bb8 32. Qc2 Nf3 33. Qe2 Qd6 34. Kg2 Qh2+ 0-1